00981cam a22002657a 4500003000500000005001700005008004100022010001000063011001000073020001500083035001100098040000900109082001500118111011500133245006400248260007300312300001100385650004500396650003500441650004100476650005900517650005700576650004000633700004200673CHAP20220817043948.0040930d2002 mx r 00110 spa d a88868 a89840 a9688847852 a100391 cCHAP04a333.72bE400aEncuentro de Investigación y Servicio en el Oriente del Estado de México (n6 :d2000 :cChapingo, Méx.)10aMemoriac/por José Alfredo Castellanos Suárez (y otros) aChapingo, Méx. :bUACH. Departamento de Sociología Rural,c2002. a262 p.14aDesarrollo sustentablezMéxico (Edo.).14aFloriculturazMéxico (Edo.).14aRecursos forestalesxMéxico (Edo.)14aRecursos naturalesxAdministraciónzMéxico (Edo.).14aRecursos naturalesxAprovechamientozMéxico(Edo.).14aTierrasxTenenciazMéxico (Edo.).00aCastellanos Suárez, José Alfredo.